Business research methods. (2nd ed.) (Record no. 77948)

MARC details
000 -LEADER
fixed length control field 00935nam a2200229 a 4500
008 - FIXED-LENGTH DATA ELEMENTS--GENERAL INFORMATION
fixed length control field 160217c20089999||||||||||||||||| || u
020 ## - INTERNATIONAL STANDARD BOOK NUMBER
International Standard Book Number 007711745X
050 ## - LIBRARY OF CONGRESS CALL NUMBER
Classification number CD/HD 30.4 Blu
100 ## - MAIN ENTRY--PERSONAL NAME
Personal name Cooper, Donald R
245 10 - TITLE STATEMENT
Title Business research methods. (2nd ed.)
Statement of responsibility, etc. Boris Blumberg; Donald R. Cooper; Pamela S. Schindler
Medium [cd-rom]
250 ## - EDITION STATEMENT
Edition statement 2nd ed.
260 ## - PUBLICATION, DISTRIBUTION, ETC.
Place of publication, distribution, etc. London
Name of publisher, distributor, etc. McGraw-Hill
Date of publication, distribution, etc. 2008
300 ## - PHYSICAL DESCRIPTION
Extent 4 3/4 in.
350 ## -
-- 0.00
500 ## - GENERAL NOTE
General note CD accompainied by a text book available in main collection
650 #0 - SUBJECT ADDED ENTRY--TOPICAL TERM
Topical term or geographic name entry element BUSINESS
650 ## - SUBJECT ADDED ENTRY--TOPICAL TERM
Topical term or geographic name entry element INDUSTRIAL MANAGEMENT--RESEARCH
700 ## - ADDED ENTRY--PERSONAL NAME
Personal name Blumberg, Boris
700 ## - ADDED ENTRY--PERSONAL NAME
Personal name Schindler, Pamela S
995 ## -
-- e-RESOURCES
-- 20141084
-- CBU-MAIN LIBRARY (Kitwe)
-- 0.00
-- CD/HD 30.4 Blu
-- 1
-- AVAILABLE
-- Feb 17, 2016
-- 20141084
-- e-Media Collection
995 ## -
-- e-RESOURCES
-- 20141112
-- CBU-MAIN LIBRARY (Kitwe)
-- 0.00
-- CD/HD 30.4 Blu
-- 2
-- AVAILABLE
-- Jun 15, 2016
-- 20141112
-- e-Media Collection
999 ## -
-- 77948
-- 77948
Holdings
Withdrawn status Lost status Source of classification or shelving scheme Damaged status Not for loan Permanent Location Current Location Shelving location Date acquired Total Checkouts Full call number Barcode Date last seen Copy number Price effective from Koha item type
          CBU-MAIN LIBRARY, KITWE. CBU-MAIN LIBRARY, KITWE.   05/03/2023   CD/HD 30.4 Blu 20141084 05/03/2023 1 05/03/2023 DVD/CD-ROM
          CBU-MAIN LIBRARY, KITWE. CBU-MAIN LIBRARY, KITWE.   05/03/2023   CD/HD 30.4 Blu 20141112 05/03/2023 2 05/03/2023 DVD/CD-ROM